000 00484nam a2200181Ia 4500
001 21058
005 20260306172851.0
008 260306t2018||||xx |||||||||||||| ||spa||
041 _aESP
082 _a344
_bJ414A N° 47
100 _aJakobs, Günther,
_eAUT
245 0 _aCoacciones :
_bexplicación de la raíz común a todos los delitos contra la persona
260 _c2018
300 _a70 páginas :
_c21 cm.
650 _aGEN
654 _aCDE
942 _cLIB
_dJUS
_fJUS
_2ddc
_n
999 _c21058
_d21058